000
00328 a2200157 4500
001
190549
020
_a
1-4130-2757-1
040
_c
Magnum
100
_a
Jamall, Maurice
240
1
0
_a
Sarah´s surprise
_l
ING
245
1
0
_a
Sarah´s surprise
300
_a
15
362
0
_a
2006
697
_a
LITERATURA INGLESA
942
_c
BK
999
_c
190549
_d
190549